000 01024nam a2200301 4500
001
003 DO-SdBNP
005 20220602075538.0
008 140604s2004 sp 000 0 spad d
040 _aBPMSU
_bspa
_cBPMSU
082 _aR923
_bP967H 2004
_222
100 1 _aMiralles, Juan
_d1930-
245 1 0 _aProtagonistas de la historia /
_cJuan Miralles ; prólogo Fernando R. Lafuente
246 1 3 _a Hernán Cortés : inventor de México
260 _aBarcelona :
_bBiblioteca ABC,
_c2004
300 _av. ;
_c23 cm.
490 0 _aProtagonistas de la historia
_v11/-12
500 _aIncluye índice
500 _aLa biblioteca posee, 2vs. del título de Hernán Cortés
590 _6Inventariado,2022/VM
600 1 4 _aCortés, Hernán,
_d1485-1547.
650 4 _aPersonajes
_vBiografías
651 4 _aMéxico
_xHistoria
_yDescubrimiento y conquista, 1517-1521.
700 1 _aLafuente Fernando R.
_eprólogo
_929
740 _a Hernán Cortés : inventor de México
910 _aVMateo V
942 _2ddc
_cBK
999 _c14195
_d14195